| 000 | 00875nam a2200253Ia 4500 | ||
|---|---|---|---|
| 005 | 20150128152934.0 | ||
| 010 | _aBAC-EN21 ENG-111814 | ||
| 020 |
_a9788131525715 _c1025.00 |
||
| 020 |
_a8131525716 _c1025.00 |
||
| 035 | _aEN-95346 | ||
| 035 | _aB-586551-579 | ||
| 037 |
_bAsian Book Centre/Ven _adpl |
||
| 037 | _bDBAD/PUB | ||
| 082 | _a000 | ||
| 100 | _aRanjan, Manish | ||
| 245 |
_aCSAT : _bcivil services aptitude test 2015 paper II / _cby Manish Ranjan, Annita [and] Rajneesh Singh |
||
| 260 |
_c2015 _aDelhi _bCengage Learning |
||
| 270 |
_a418, F.I.E.,Patparganj _bDelhi _e110092 |
||
| 300 |
_c28cm(pbk) _av.II (various pagings). _bill. |
||
| 700 | _aAnnita | ||
| 700 | _aSingh, Rajneesh | ||
| 942 |
_cEN _2ddc _mRAN _h000 |
||
| 999 |
_c87972 _d87972 |
||